Chapitre 9 biocell - Statistiques

Statistiques générales
  • Ce quiz a été pris 54 fois
  • Le résultat moyen est 7 sur 13
Statistiques - réponses
Def Notion % Correct
Couche de cellules qui a un rôle de barrière Epithelium
100%
Principaux constituants extracellulaires, en triple helices, riches en glycine et en proline, auto-assemblage, fibrillaires et non fibrillaires Collagene
80%
Forme des fibres élastiques dans la MEC Elastine
80%
Jonction d’ancrage en contact avec la MEC (intégrines: cellule/ MEC) lié aux filaments d’actine Contacts focaux/ Plaque adhérente
60%
Permeables jusqu’à 1kDa, perméabilité contrôlable, mise en continuité Partielle des cytoplasmes, couplage électrique des membranes Jonctions communicantes/ GAP
60%
Soudent les cellules et séparent les compartiments apical et basolateral Jonctions serrées / TIGHT
60%
Structure élémentaire (GAG, O-glycosylation, sulfatation, acetylation ) lieu de synthèse, propriétés ( molécules chargees, formation gel, resistance a la compression )Cas particulier de l’acide hyaluronique, un GAG géant ( assemblage extra cellulaire) Proteoglycanes
60%
Jonction d’ancrage intercellulaire ( cadrine : cellule/ cellule) lié aux filaments d’actine Ceinture adhérente/ Jonctions adhérentes
40%
Jonction d’ancrage intercellulaire ( cadrine : cellule/ cellule) lié aux filaments intermédiaires Desmosomes
40%
Aide les cellules à s’attacher et organise la MEC. A des domaines de liaison aux polysaccharides, collagènes et aux cellules Fibronectine
40%
Jonction d’ancrage en contact avec la MEC (intégrines: cellule/ MEC) lié aux filaments intermédiaires Hemidesmosomes
40%
Constitue de cellules séparées par la MEC et faisant jonction entre les autres tissus Tissu conjonctif
40%
Réseaux de fibronectine et de Collagene IV en 2D , interagissant avec la membrane cellulaire par des intégrines Lame basale
20%
Aucun quiz correspondant
Distribution des résultats
% des personnes avec chaque résultat
Percentile par nombre de réponses
Votre historique - résultats
Vous n’avez pas pris ce quiz